01239nam a22003377a 4500003000500000005001700005008004100022010001000063011001000073035001000083040000900093082001400102100002700116245013700143260004600280300001100326490004000337590004100377590004100418590004100459590004200500650004200542650004200584650002700626830004700653901000700700942001000707949005200717999001700769952011500786CHAP20220329134129.0971013s1949 r 00010 d a15866 a16838 a20920 cCHAP a630.1bB400aBeyer, Glenn H.912124 aFarm housing in the Northeast ; a survey of facilities, activities, possessions, and preferences of families on owner-operated farms aIthaca :bCornell University Press,c1949 a458 p. aNortheast regional publicationv; 1 aBATCH-UPDb10c20130110lUCH01h2159 aBATCH-UPDb10c20130410lUCH01h1507 aBATCH-UPDb10c20130914lUCH01h1053 aCONVERSIONb10c20130109lUCH01h131014aCostos y nivel de vidaxE.U.A.92852714aEconomía domésticaxE.U.A.93526714aGranjasxE.U.A.9503900 aNortheast regional publicationv; 1981817 aBK cLIBRO a630.1 B4bBCcBPAd-48911eBPAh19315i20920si c15866d15866 01104053708MDaBCbBCd2019-12-31fLIBROi127l0o630.1 B4p-48911r2019-12-31 00:00:00w2019-12-31yLIBRO